|
|
|
|
| LEADER |
00000cam a22000007a 4500 |
| 001 |
10172 |
| 003 |
CZ-ZlUTB |
| 005 |
20190825232604.0 |
| 008 |
970519s1996 xr |||||r|||||||||||cze|d |
| 020 |
|
|
|a 8071691992
|
| 040 |
|
|
|a ZLD002
|b cze
|c ZLD002
|d ZLD002
|
| 100 |
1 |
|
|a Ley, D. Forbes
|4 aut
|
| 245 |
1 |
0 |
|a Nejlepší obchodník
|
| 250 |
|
|
|a Dotisk.
|
| 260 |
|
|
|a Praha :
|b Grada,
|c 1996
|
| 300 |
|
|
|a 355 s.
|
| 650 |
0 |
4 |
|a cena
|
| 650 |
0 |
4 |
|a cíl
|
| 650 |
0 |
7 |
|a motivace
|7 ph115358
|2 czenas
|
| 650 |
0 |
4 |
|a nadšení
|
| 650 |
0 |
4 |
|a námitky
|
| 650 |
0 |
7 |
|a osobnosti
|7 ph115615
|2 czenas
|
| 650 |
0 |
7 |
|a pozornost
|7 ph115852
|2 czenas
|
| 650 |
0 |
4 |
|a PRODEJ
|
| 650 |
0 |
7 |
|a persuaze
|7 ph124053
|2 czenas
|
| 650 |
0 |
4 |
|a strategie
|
| 650 |
0 |
4 |
|a struktura
|
| 650 |
0 |
7 |
|a touha
|7 ph137921
|2 czenas
|
| 650 |
0 |
4 |
|a zájem
|
| 650 |
0 |
4 |
|a zákazníci
|
| 650 |
0 |
7 |
|a úspěch
|7 ph128351
|2 czenas
|
| 910 |
|
|
|a ZLD002
|
| 952 |
|
|
|0 0
|1 0
|4 0
|6 339LEYDF
|7 0
|8 BOOK
|9 17855
|a UTBZL
|b UTBZL
|c 005
|d 2006-07-29
|i 66353
|l 0
|o 339/LEY,D.F.
|p 420010066353
|r 2019-08-25 00:00:00
|v 269.00
|w 2019-08-25
|x 20100831
|y 01
|
| 952 |
|
|
|0 0
|1 0
|4 0
|6 339LEYDF
|7 0
|8 BOOK
|9 17856
|a UTBZL
|b UTBZL
|c 006
|d 2006-07-29
|i 66351
|l 19
|o 339/LEY,D.F.
|p 420010066351
|r 2019-08-25 00:00:00
|v 269.00
|w 2019-08-25
|x 20100831
|y 04
|
| 952 |
|
|
|0 1
|1 0
|2 udc
|4 0
|6 339LEYDF
|7 0
|8 BOOK
|9 17857
|a UTBZL
|b UTBZL
|c 010
|d 2006-07-29
|i 66350
|l 0
|o 339/LEY,D.F.
|p 420010066350
|r 2019-08-25 00:00:00
|v 269.00
|w 2019-08-25
|x zastaralé
|y 08
|
| 952 |
|
|
|0 0
|1 0
|4 0
|6 339LEYD
|7 0
|8 BOOK
|9 17858
|a UTBZL
|b UTBZL
|c 030
|d 2006-07-29
|i 73217
|l 7
|o 339/LEY,D.
|p 420010073217
|r 2019-08-25 00:00:00
|v 269.00
|w 2019-08-25
|x N:převod - Svit | 20100831
|y 05
|
| 952 |
|
|
|0 0
|1 0
|4 0
|6 339LEYDF
|7 0
|8 BOOK
|9 17859
|a UTBZL
|b UTBZL
|c 030
|d 2006-07-29
|i 66352
|l 6
|o 339/LEY,D.F.
|p 420010066352
|r 2019-08-25 00:00:00
|v 269.00
|w 2019-08-25
|x 20100831
|y 05
|
| 992 |
|
|
|a BK
|b SK
|d 32
|
| 999 |
|
|
|c 10172
|d 10172
|